Tranh luận văn nghệ nửa đầu thế kỉ XX /

Đã lưu trong:
Sonraí Bibleagrafaíochta
Príomhúdar: Nguyễn Ngọc Thiện
Formáid: Bài viết
Teanga:Vietnamese
Ábhair:
Clibeanna: Cuir Clib Leis
Gan Chlibeanna, Bí ar an gcéad duine leis an taifead seo a chlibeáil!
Thư viện lưu trữ: Thư viện Trường Đại học Đà Lạt
LEADER 00757nam a2200265 4500
001 DLU040027633
040 # # |a DLU  |b vie 
041 # # |a vie 
044 # # |a vn 
100 # # |a Nguyễn Ngọc Thiện 
245 # # |a Tranh luận văn nghệ nửa đầu thế kỉ XX /  |c Nguyễn Ngọc Thiện 
653 # # |a Thế kỉ XX 
653 # # |a Tranh luận 
653 # # |a Văn nghệ 
773 # # |a Tạp chí Văn học.  |g  Số 12(358) tháng 12 - 2001, tr. 23 - 32 
920 # # |a Phòng Tạp chí -- Trung tâm Thông tin - Thư viện Trường Đại học Đà Lạt 
933 # # |a NV 
994 # # |a DLU 
900 # # |a True 
911 # # |a Nguyễn Năng Hải 
925 # # |a G 
926 # # |a A 
927 # # |a BB 
980 # # |a Thư viện Trường Đại học Đà Lạt